Budoucnost fondového pilíře českého penzijního systému ve světle německé důchodové reformy

Vybrané rozdiely medzi systémami dôchodkovej reformy v Českej republike a v Nemecku a možné riešenia budúceho vývoja českého fondových pilierov. Demografická situácia a potreba dôchodkových reforiem v oboch skúmaných krajinách.

Uložené v:
Podrobná bibliografia
Hlavný autor: Prachař, Ondřej
Médium: Kapitola
Jazyk:Czech
Predmet:
Tagy: Pridať tag
Žiadne tagy, Buďte prvý, kto otaguje tento záznam!

MARC

LEADER 00000nla a2200000 4500
001 0192108
005 20240417075048.1
041 0 |a cze 
044 |a SK 
245 1 0 |a Budoucnost fondového pilíře českého penzijního systému ve světle německé důchodové reformy  |c Ondřej Prachař 
520 |a Vybrané rozdiely medzi systémami dôchodkovej reformy v Českej republike a v Nemecku a možné riešenia budúceho vývoja českého fondových pilierov. Demografická situácia a potreba dôchodkových reforiem v oboch skúmaných krajinách. 
610 2 0 |a Česko 
610 2 0 |a Nemecko 
610 2 0 |a politika sociálna 
610 2 0 |a nástroje politiky sociálnej 
610 2 0 |a reformy dôchodkové 
610 2 0 |a ukazovatele demografické 
100 1 |a Prachař, Ondřej